Guess NBA Player By The Hint - Statistics

General Stats
  • This quiz has been taken 273 times
  • The average score is 17 of 25
Answer Stats
Hint Answer % Correct
Has the most championships Bill Russell
86%
The player who scored 100 points Wilt Chamberlain
82%
The Greek who won back to back MVP Giannis Antetokounmpo
81%
The best shooter of all time Stephen Curry
81%
Shortest NBA player of all time Muggsy Bogues
79%
The best player from Asia Yao Ming
79%
Best ball handler of all time Kyrie Irving
77%
The NBA logo Jerry West
75%
The best dunker of all time Vince Carter
75%
Who has the most assist John Stockton
74%
The biggest trade in NBA history with Anthony Davis and who? Luka Doncic
74%
The most dominant player of all time Shaquille O'Neal
71%
The GOAT Michael Jordan
68%
The owner of the 2000's era Kobe Bryant
67%
Scored 13 points in 33 seconds Tracy McGrady
66%
Creator of the 'Dream Shake' move Hakeem Olajuwon
63%
Scored 37pts in a quater Klay Thompson
62%
The best PF of all time Tim Duncan
60%
The LeBron stopper Kawhi Leonard
58%
The best player of all time LeBron James
58%
The best PG of all time Magic Johnson
58%
The current best player in the world Nikola Jokic
52%
The first MVP Bob Pettit
51%
The original 'Mr Triple Double' Oscar Robertson
51%
6 time MVP Kareem Abdul-Jabbar
41%
No matching quizzes found
Score Distribution
Percent of People with Each Score
Percentile by Number Answered
Your Score History
You have not taken this quiz